Los pilares del poder humano / (Record no. 192948)

MARC details
000 -LEADER
campo de control de longitud fija 01152nam a2200337 i 4500
001 - NÚMERO DE CONTROL
campo de control 192948
003 - IDENTIFICADOR DE NÚMERO DE CONTROL
campo de control SpMaBN
005 - FECHA Y HORA DE LA ÚLTIMA TRANSACCIÓN
campo de control 20250811095945.0
008 - DATOS DE LONGITUD FIJA--INFORMACIÓN GENERAL
campo de control de longitud fija 030826s2003 sp | ||| ||spa
016 7# - NÚMERO DE CONTROL DE UNA AGENCIA BIBLIOGRÁFICA NACIONAL
Número de control del registro bimoBNE20030680565
Fuente SpMaBN
017 ## - NÚMERO DE COPYRIGHT O DE DEPÓSITO LEGAL
Número de copyright o de depósito legal M 21919-2003
Agencia que asigna Oficina Depósito Legal Madrid
020 ## - NÚMERO INTERNACIONAL ESTÁNDAR DEL LIBRO
Número Internacional Estándar del Libro 8495427982
035 ## - NÚMERO DE CONTROL DEL SISTEMA
Número de control de sistema (OCoLC)52618739
040 ## - FUENTE DE CATALOGACIÓN
Lengua de catalogación spa
Centro/agencia transcriptor SpMaBN
Normas de descripción rdc
080 ## - NÚMERO DE LA CLASIFICACIÓN DECIMAL UNIVERSAL
Número de la Clasificación Decimal Universal 159.947.3
080 ## - NÚMERO DE LA CLASIFICACIÓN DECIMAL UNIVERSAL
Número de la Clasificación Decimal Universal 316.462
100 1# - ENTRADA PRINCIPAL--NOMBRE DE PERSONA
Nombre de persona Massó Cantarero, Francisco,
Fechas asociadas al nombre 1946-
Número de control del registro de autoridad o número normalizado XX1647177
9 (RLIN) 226310
Término indicativo de función/relación Autor
245 14 - MENCIÓN DEL TÍTULO
Título Los pilares del poder humano /
Mención de responsabilidad, etc. Francisco Massó Cantarero
260 ## - PUBLICACIÓN, DISTRIBUCIÓN, ETC.
Lugar de publicación, distribución, etc. Madrid :
Nombre del editor, distribuidor, etc. Eneida,
Fecha de publicación, distribución, etc. [2003]
300 ## - DESCRIPCIÓN FÍSICA
Extensión 254 páginas :
Otras características físicas gráficos ;
Dimensiones 24 cm
440 #0 - MENCIÓN DE SERIE/PUNTO DE ACCESO ADICIONAL--TÍTULO
Título Puntos de vista ;
Designación de volumen o secuencia 2
9 (RLIN) 176667
500 ## - NOTA GENERAL
Nota general Índice
650 #7 - PUNTO DE ACCESO ADICIONAL DE MATERIA--TÉRMINO DE MATERIA
Término de materia o nombre geográfico como elemento de entrada Control (Psicología)
Fuente del encabezamiento o término embne
9 (RLIN) 233666
650 #7 - PUNTO DE ACCESO ADICIONAL DE MATERIA--TÉRMINO DE MATERIA
Término de materia o nombre geográfico como elemento de entrada Poder
Fuente del encabezamiento o término embne
9 (RLIN) 16144
830 ## - PUNTO DE ACCESO ADICIONAL DE SERIE-TÍTULO UNIFORME
9 (RLIN) 176667
Título uniforme Puntos de vista ;
Designación de volumen o secuencia 2
852 ## - LOCALIZACIÓN
Ubicación ES-MaACL
Sublocalización o colección R. 153096
Ubicación en estantería Depósito J
Donativo/Legado Donación: Francisco Massó Cantarero
Número de control de estantería N-8493
itemnumber 200251
903 ## - NOMBRE PERSONAL DE DONANTE
a Massó Cantarero, Francisco,
d 1946-
e Donante
9 226310
942 ## - ELEMENTOS DE ENTRADA SECUNDARIOS (KOHA)
Tipo de ítem Koha Libro impreso
Suprimir en OPAC No
Holdings
Estatus retirado Estado de pérdida Fuente del sistema de clasificación o colocación Estado de daño No para préstamo Biblioteca de origen Biblioteca actual Ubicación en estantería Fecha de adquisición Fuente de adquisición Total de préstamos Signatura topográfica completa Código de barras Visto por última vez Tipo de ítem Koha
    Clasificación decimal universal     Biblioteca del Ateneo de Madrid Biblioteca del Ateneo de Madrid Depósito J 11/05/2021 Donación   N-8493 101205544 12/07/2023 Libro impreso